[Event "Mistrovstvi CR senioru nad 50 let"]
[Site "Pelcovo divadlo Rychnov nad Kn"]
[Date "2016.08.20"]
[Round "1.1"]
[White "Zmeskal, Stanislav"]
[Black "Sabol, Marian"]
[Result "0-1"]
[WhiteElo "1790"]
[BlackElo "2337"]
[PlyCount "46"]
[EventDate "2016.08.20"]

1. e4 c5 2. Nf3 d6 3. d4 cxd4 4. Nxd4 Nf6 5. Nc3 a6 6. Be3 e6 7. f3 b5 8. Qd2
Be7 9. g4 Nfd7 10. O-O-O Ne5 11. b3 Bb7 12. Bd3 Nbc6 13. Nce2 Nxd4 14. Nxd4 d5
15. Qe2 O-O 16. Rhg1 Qc7 17. Kb1 Ba3 18. Bc1 Bxc1 19. Rxc1 Rab8 20. h4 Rfd8 21.
exd5 Rxd5 22. Qe3 Nxd3 23. cxd3 Qd6 0-1

[Event "Mistrovstvi CR senioru nad 50 let"]
[Site "Pelcovo divadlo Rychnov nad Kn"]
[Date "2016.08.20"]
[Round "1.2"]
[White "Bartos, Jan"]
[Black "Marinov, Peter"]
[Result "1-0"]
[WhiteElo "2156"]
[BlackElo "1763"]
[PlyCount "0"]
[EventDate "2016.08.20"]
[PlyCount "70"]

1. d4 d5 2. c4 e6 3. Nf3 c6 4. Nc3 f5 5. Bf4 Bd6 6. e3 Nf6 7. Bd3 O-O 8. O-O
Bxf4 9. exf4 Ne4 10. g3 Rf6 11. Qb3 Kh8 12. Rad1 Nd7 13. Ne5 Qe7 14. Nxd7 Qxd7
15. Rfe1 Rh6 16. f3 Nf6 17. cxd5 Nxd5 18. Nxd5 cxd5 19. Rc1 a6 20. Qb6 Rf6 21.
Rc7 Qd8 22. Rec1 Rf8 23. Qc5 Bd7 24. Rxb7 Bb5 25. Bxb5 axb5 26. a3 h5 27. Qe7
Qxe7 28. Rxe7 Rfc8 29. Rc5 b4 30. axb4 Rcb8 31. b5 Ra5 32. Rxe6 Raxb5 33. Re2
Rb4 34. Rd2 Kg8 35. Kg2 Kf7 {zbytek necitelny, bily vyhral v 58. tahu} 1-0

[Event "Mistrovstvi CR senioru nad 50 let"]
[Site "Pelcovo divadlo Rychnov nad K"]
[Date "2016.08.20"]
[Round "1.3"]
[White "Papacek, Milos"]
[Black "Urban, Zdenek"]
[Result "0-1"]
[WhiteElo "1752"]
[BlackElo "2153"]
[PlyCount "44"]
[EventDate "2016.08.20"]

1. e4 c5 2. d3 Nc6 3. g3 Nf6 4. Bg2 d5 5. f3 e5 6. c3 Be7 7. Ne2 O-O 8. Nd2 Be6
9. O-O dxe4 10. Nxe4 Nd5 11. f4 f5 12. Ng5 Bxg5 13. fxg5 Qb6 14. Kh1 Rad8 15.
Qc2 c4 16. dxc4 Ne3 17. Bxe3 Qxe3 18. Rf3 Qd2 19. Qxd2 Rxd2 20. Nc1 Bxc4 21.
Nb3 Rxb2 22. Bf1 Bd5 0-1

[Event "Mistrovstvi CR senioru nad 50 let"]
[Site "Pelcovo divadlo Rychnov nad Kn"]
[Date "2016.08.20"]
[Round "1.4"]
[White "Kozak, Milos"]
[Black "Dolezal, Rudolf"]
[Result "1-0"]
[WhiteElo "2145"]
[BlackElo "1747"]
[PlyCount "71"]
[EventDate "2016.08.20"]

1. d4 d5 2. c4 e6 3. Nf3 Nf6 4. g3 Be7 5. Bg2 c6 6. Qc2 h6 7. Nbd2 Na6 8. a3 b6
9. O-O O-O 10. e4 dxe4 11. Nxe4 Bb7 12. Rd1 Qc8 13. Nxf6+ Bxf6 14. c5 b5 15.
Bf4 Nc7 16. Bd6 Re8 17. Ne5 Nd5 18. Be4 Bxe5 19. dxe5 f5 20. exf6 Nxf6 21. Bg6
Rd8 22. Qe2 a5 23. Re1 b4 24. Qxe6+ Qxe6 25. Rxe6 Nd5 26. Rae1 bxa3 27. bxa3
Ba6 28. h4 Bc4 29. R6e5 Bb3 30. h5 a4 31. g4 Nc3 32. Re7 Nd5 33. Rb7 Nf6 34.
Ree7 Ne8 35. Bxe8 Rxe8 36. Rxg7+ 1-0

[Event "Mistrovstvi CR senioru nad 50 let"]
[Site "Pelcovo divadlo Rychnov nad Kn"]
[Date "2016.08.20"]
[Round "1.5"]
[White "Korinkova, Eva"]
[Black "Fiedler, Bedrich"]
[Result "1/2-1/2"]
[WhiteElo "1740"]
[BlackElo "2114"]
[PlyCount "108"]
[EventDate "2016.08.20"]

1. e4 c5 2. Nc3 g6 3. f4 Bg7 4. Nf3 d6 5. Bb5+ Bd7 6. Bc4 Nc6 7. d3 Nd4 8. O-O
e6 9. Ne2 b5 10. Bb3 b4 11. Qe1 Qb6 12. Nexd4 cxd4 13. a3 bxa3 14. Rxa3 Ne7 15.
Qh4 h6 16. Bd2 Nc6 17. Kh1 Qc5 18. Rfa1 O-O 19. Ra4 Rfc8 20. e5 dxe5 21. fxe5
Nxe5 22. Nxe5 Qxe5 23. Ra5 Qe2 24. Bxh6 Bc6 25. Rg1 Rd8 26. Bxg7 Kxg7 27. Raa1
Rd7 28. Rae1 Qd2 29. Ref1 g5 30. Qf2 Qxf2 31. Rxf2 a5 32. Ra1 a4 33. Bc4 Rb8
34. b3 Ra7 35. bxa4 Rxa4 36. Raf1 Rb7 37. Bb3 Ra5 38. h3 Ba4 39. Ra1 Rba7 40.
Bxa4 Rxa4 41. Rxa4 Rxa4 42. Kh2 f5 43. g3 Kf6 44. h4 gxh4 45. gxh4 e5 46. Kg3
Ra7 47. Kf3 Rc7 48. Rg2 Rc3 49. h5 e4+ 50. Kf4 e3 51. Rg6+ Kf7 52. Rg2 Kf6 53.
Rg6+ Kf7 54. Rg2 Kf6 1/2-1/2

[Event "Mistrovstvi CR senioru nad 50 let"]
[Site "Pelcovo divadlo Rychnov nad Kn"]
[Date "2016.08.20"]
[Round "1.6"]
[White "Mohapl, Petr"]
[Black "Zoufaly, Petr"]
[Result "1-0"]
[WhiteElo "2098"]
[BlackElo "1688"]
[PlyCount "67"]
[EventDate "2016.08.20"]

1. d4 e6 2. c4 Nf6 3. Nc3 d5 4. Bg5 Be7 5. Nf3 b6 6. e3 Bb7 7. Bd3 Nbd7 8. O-O
O-O 9. Re1 dxc4 10. Bxc4 Ne4 11. Bf4 Bb4 12. Rc1 Ndf6 13. Bd3 a6 14. Nxe4 Bxe1
15. Nxf6+ Qxf6 16. Nxe1 Rac8 17. Bxc7 Qe7 18. Bxb6 Rxc1 19. Qxc1 Rc8 20. Bc5
Qg5 21. f4 Qg4 22. Qd2 e5 23. fxe5 h5 24. Be2 Qd7 25. Bb4 f6 26. exf6 gxf6 27.
Bc3 Qf5 28. Bd3 Qg4 29. Qc2 Qe6 30. e4 Kg7 31. d5 Qb6+ 32. Qf2 Qd8 33. Qf5 Qe7
34. Qg5+ 1-0

[Event "Mistrovstvi CR senioru nad 50 let"]
[Site "Pelcovo divadlo Rychnov nad Kn"]
[Date "2016.08.20"]
[Round "1.7"]
[White "Cvejn, Jaroslav"]
[Black "Siebenburger, Vlastimil"]
[Result "0-1"]
[WhiteElo "1682"]
[BlackElo "2068"]
[PlyCount "71"]
[EventDate "2016.08.20"]

1. e4 c5 2. Nf3 Nc6 3. Nc3 e6 4. d4 cxd4 5. Nxd4 Nf6 6. Nxc6 bxc6 7. e5 Nd5 8.
Nxd5 cxd5 9. Be3 Rb8 10. Bd4 Qh4 11. Be2 Be7 12. O-O f6 13. b3 a6 14. c4 dxc4
15. Bxc4 Bb7 16. f3 O-O 17. exf6 Bd6 18. g3 Qh5 19. f4 Qh3 20. Qd2 Rxf6 21. Rf2
Rg6 22. Qe3 Rf8 23. Bf1 Qf5 24. Bg2 Bxg2 25. Rxg2 h5 26. Rc1 h4 27. Be5 Ba3 28.
Rcc2 d6 29. Bd4 e5 30. Bb2 Bc5 31. Rxc5 dxc5 32. Qxc5 exf4 33. Qc4+ Kh7 34.
gxf4 Rxg2+ 35. Kxg2 Qg4+ 36. Kf2 0-1

[Event "Mistrovstvi CR senioru nad 50 let"]
[Site "Pelcovo divadlo Rychnov nad Kn"]
[Date "2016.08.20"]
[Round "1.8"]
[White "Elias, Miroslav"]
[Black "Privoznik, Lubos"]
[Result "0-1"]
[WhiteElo "2047"]
[BlackElo "1640"]
[PlyCount "108"]
[EventDate "2016.08.20"]

1. e4 e6 2. d4 d5 3. Nc3 dxe4 4. Nxe4 b6 5. c3 Nd7 6. Nf3 Bb7 7. Bd3 Ngf6 8.
Ng3 Bd6 9. O-O c5 10. dxc5 Bxc5 11. Bg5 Qc7 12. b4 Bd6 13. Bxf6 Nxf6 14. Bb5+
Bc6 15. Nd4 Bd7 16. Qd3 Rd8 17. Rfd1 O-O 18. Bxd7 Bxg3 19. Qxg3 Qxg3 20. hxg3
Rxd7 21. Nc6 Rc7 22. b5 Nd5 23. c4 Ne7 24. Nxe7+ Rxe7 25. a4 Rc8 26. a5 Kf8 27.
axb6 axb6 28. Ra6 Rb7 29. Rd4 Ke7 30. Kf1 Rd8 31. Rxd8 Kxd8 32. Ke2 Kd7 33. Kd3
Kd6 34. Ra8 h6 35. Kc3 e5 36. Kb4 f5 37. Rd8+ Ke7 38. Rg8 Kd6 39. Rc8 e4 40.
Rc6+ Ke7 41. Rg6 Kd8 42. c5 bxc5+ 43. Kxc5 Rc7+ 44. Rc6 g5 45. Kd5 Rxc6 46.
bxc6 Kc7 47. Ke5 Kxc6 48. Kxf5 Kd5 49. g4 Kd4 50. Kg6 Kd3 51. Kf5 Ke2 52. f4 e3
53. fxg5 hxg5 54. Kxg5 Kf2 0-1

[Event "Mistrovstvi CR senioru nad 60 let"]
[Site "Pelcovo divadlo Rychnov nad Kn"]
[Date "2016.08.20"]
[Round "1.1"]
[White "Pribyl, Josef"]
[Black "Franc, Lubor"]
[Result "1-0"]
[WhiteElo "2266"]
[BlackElo "1843"]
[PlyCount "66"]
[EventDate "2016.08.20"]

1. c4 Nf6 2. Nf3 g6 3. Nc3 Bg7 4. g3 O-O 5. Bg2 c6 6. O-O d6 7. d4 Bf5 8. Nh4
Be6 9. b3 Na6 10. Bb2 Rb8 11. e4 Nc7 12. Qe2 Qc8 13. Rfe1 Re8 14. e5 dxe5 15.
dxe5 Ng4 16. Nf3 Rd8 17. Rad1 Rd7 18. Ne4 Nh6 19. Neg5 Qe8 20. Nxe6 Nxe6 21.
Bh3 Rxd1 22. Rxd1 Nf8 23. Qd3 e6 24. Ng5 Nf5 25. g4 Ne7 26. Ne4 Nc8 27. Nf6+
Bxf6 28. exf6 Nb6 29. Ba3 Nfd7 30. Be7 h6 31. a4 Nf8 32. Qe3 Kh7 33. Bf1 Nc8
1-0

[Event "Mistrovstvi CR senioru nad 60 let"]
[Site "Pelcovo divadlo Rychnov nad Kn"]
[Date "2016.08.20"]
[Round "1.2"]
[White "Rehak, Jiri"]
[Black "Pilar, Miloslav"]
[Result "0-1"]
[WhiteElo "1841"]
[BlackElo "2173"]
[PlyCount "20"]
[EventDate "2016.08.20"]

1. e4 e6 2. d4 d5 3. exd5 exd5 4. Bd3 Nc6 5. c3 Nf6 6. Bg5 Be7 7. Nf3 Bg4 8.
Nbd2 Ne4 9. Nxe4 dxe4 10. Bxe4 Bxg5 0-1

[Event "Mistrovstvi CR senioru nad 60 let"]
[Site "Pelcovo divadlo Rychnov nad Kn"]
[Date "2016.08.20"]
[Round "1.3"]
[White "Strelec, Ladislav"]
[Black "Vorobyov, Yrij"]
[Result "0-1"]
[WhiteElo "1607"]
[BlackElo "2160"]
[PlyCount "70"]
[EventDate "2016.08.20"]

1. d4 Nf6 2. c4 c5 3. dxc5 Na6 4. Nc3 Nxc5 5. f3 d6 6. e4 a6 7. Nge2 e6 8. Be3
Be7 9. Ng3 O-O 10. Be2 Qc7 11. O-O b6 12. b4 Ncd7 13. Rc1 Bb7 14. Qc2 Rac8 15.
f4 Qb8 16. f5 g6 17. fxg6 hxg6 18. Bd4 e5 19. Be3 Kg7 20. Qd3 Qc7 21. Bg5 Qd8
22. Nf5+ gxf5 23. Rxf5 Rh8 24. Rcf1 Qg8 25. R1f3 Kf8 26. Rg3 Qh7 27. h4 Nxe4
28. Bxe7+ Kxe7 29. Rxf7+ Kxf7 30. Qf3+ Ndf6 31. Nd5 Bxd5 32. cxd5 Nxg3 33. Qxg3
Qxh4 34. Qf3 Qd4+ 35. Kf1 Rh1# 0-1

[Event "Mistrovstvi CR senioru nad 60 let"]
[Site "Pelcovo divadlo Rychnov nad Kn"]
[Date "2016.08.20"]
[Round "1.4"]
[White "Mlynek, Petr"]
[Black "Sedlacek, Jan"]
[Result "1-0"]
[WhiteElo "2153"]
[BlackElo "1839"]
[PlyCount "101"]
[EventDate "2016.08.20"]

1. d4 d5 2. c4 e6 3. Nf3 Nf6 4. g3 Be7 5. Bg2 O-O 6. O-O b6 7. cxd5 exd5 8. Nc3
Bb7 9. Bf4 Nh5 10. Bd2 Nd7 11. Rc1 g6 12. Qb3 c6 13. Rfe1 Re8 14. Bh6 Bf8 15.
Bxf8 Rxf8 16. e4 Nhf6 17. exd5 Nxd5 18. Nxd5 cxd5 19. Ne5 Nf6 20. Rc2 Qd6 21.
Rec1 Rac8 22. Bh3 Rxc2 23. Qxc2 Re8 24. Qc7 Qe7 25. f3 Kg7 26. Kf2 h5 27. Bf1
Ng8 28. Bb5 Rc8 29. Qxe7 Nxe7 30. Rxc8 Nxc8 31. Ke3 f6 32. Bc6 Bxc6 33. Nxc6 a5
34. b4 axb4 35. Nxb4 Ne7 36. Na6 Nc6 37. Nc7 Nb4 38. a3 Nc2+ 39. Kd3 Nxa3 40.
Nxd5 b5 41. Kc3 Kf7 42. Kb4 Nc2+ 43. Kc5 Ne1 44. f4 Nf3 45. h3 g5 46. Nb4 h4
47. gxh4 gxh4 48. d5 Ng1 49. d6 Nxh3 50. Nd5 Ke6 51. Kc6 1-0

[Event "Mistrovstvi CR senioru nad 60 let"]
[Site "Pelcovo divadlo Rychnov nad Kn"]
[Date "2016.08.20"]
[Round "1.5"]
[White "Perik, Alois"]
[Black "Jablecnik, Gustav"]
[Result "1/2-1/2"]
[WhiteElo "1829"]
[BlackElo "2108"]
[PlyCount "0"]
[EventDate "2016.08.20"]
[PlyCount "46"]

1. c4 e5 2. Nc3 f5 3. g3 Nf6 4. Bg2 Nc6 5. d3 g6 6. Bg5 h6 7. Bxf6 Qxf6 8. Nd5
Qd8 9. e4 d6 10. Nf3 fxe4 11. dxe4 Bg4 12. h3 Bxf3 13. Qxf3 Nd4 14. Qd3 c6 15.
Nc3 Bg7 16. O-O O-O 17. Ne2 a6 18. f4 Qb6 19. Nxd4 Qxd4+ 20. Qxd4 exd4 21. Rad1
Kh8 22. Rd3 b5 23. Rc1 Rfc8 1/2-1/2

[Event "Mistrovstvi CR senioru nad 60 let"]
[Site "Pelcovo divadlo Rychnov nad Kn"]
[Date "2016.08.20"]
[Round "1.6"]
[White "Salac, Jiri"]
[Black "Pittermann, Jan"]
[Result "1-0"]
[WhiteElo "2102"]
[BlackElo "1825"]
[PlyCount "71"]
[EventDate "2016.08.20"]

1. d4 Nf6 2. Bf4 g6 3. Nc3 c6 4. Qd2 Bg7 5. Nf3 d5 6. h3 Nbd7 7. Rd1 O-O 8. Bh6
Re8 9. Bxg7 Kxg7 10. Ne5 Nxe5 11. dxe5 Ng8 12. e3 f6 13. exf6+ Nxf6 14. e4 e6
15. Be2 b6 16. O-O Bb7 17. Rfe1 e5 18. exd5 cxd5 19. f4 e4 20. Nb5 Qe7 21. Nd4
Rac8 22. Qe3 Rf8 23. Qg3 Ne8 24. Bg4 Rc6 25. Nxc6 Bxc6 26. Qc3+ Qf6 27. Qe5 Nd6
28. Be6 Re8 29. Qxf6+ Kxf6 30. Bxd5 Bxd5 31. Rxd5 Nf5 32. g4 Nh4 33. Kf2 Nf3
34. Re3 Re7 35. Rc3 Ke6 36. Rd8 1-0

[Event "Mistrovstvi CR senioru nad 60 let"]
[Site "Pelcovo divadlo Rychnov nad Kn"]
[Date "2016.08.20"]
[Round "1.7"]
[White "Portych, Vaclav"]
[Black "Pospisil, Evzen"]
[Result "0-1"]
[WhiteElo "1822"]
[BlackElo "2097"]
[PlyCount "86"]
[EventDate "2016.08.20"]

1. c4 Nf6 2. Nc3 c5 3. Nf3 Nc6 4. g3 g6 5. Bg2 Bg7 6. O-O O-O 7. d4 cxd4 8.
Nxd4 Qb6 9. e3 d6 10. b3 Bg4 11. Qd2 Rac8 12. Bb2 Rfd8 13. h3 Bd7 14. Rfd1 a6
15. Na4 Qa7 16. Rac1 Ne8 17. Nxc6 Bxc6 18. Bxc6 bxc6 19. Bxg7 Nxg7 20. Qd4 Ne6
21. Qb6 Qd7 22. c5 Ng5 23. Qxa6 Qxh3 24. Qe2 e5 25. e4 d5 26. Nc3 d4 27. Nb1 f5
28. Nd2 Rf8 29. exf5 Rxf5 30. Qf1 Rcf8 31. Qxh3 Nxh3+ 32. Kg2 Nxf2 33. Rf1 e4
34. Rc4 e3 35. Rxd4 exd2 36. Rxd2 Ne4 37. Rxf5 Rxf5 38. Rd8+ Kg7 39. b4 Rf2+
40. Kh3 Rxa2 41. Rd4 Nc3 42. Kg4 Nd5 43. Kf3 Ra4 0-1

[Event "Mistrovstvi CR senioru nad 60 let"]
[Site "Pelcovo divadlo Rychnov nad Kn"]
[Date "2016.08.20"]
[Round "1.8"]
[White "Juricek, Stanislav"]
[Black "Tsapanidis, Vasilis"]
[Result "1/2-1/2"]
[WhiteElo "2082"]
[BlackElo "1817"]
[PlyCount "40"]
[EventDate "2016.08.20"]

1. e4 g6 2. d4 Bg7 3. Nc3 d6 4. Be3 Nf6 5. Qd2 Ng4 6. Bg5 h6 7. Bh4 Nc6 8. Nge2
g5 9. Bg3 f5 10. f3 Nf6 11. O-O-O f4 12. Bf2 e5 13. d5 Ne7 14. g3 Ng6 15. h4
fxg3 16. Bxg3 gxh4 17. Bxh4 Nxh4 18. Rxh4 Nh7 19. Rh5 Qf6 20. Bg2 Bd7 1/2-1/2

[Event "Mistrovstvi CR senioru nad 60 let"]
[Site "Pelcovo divadlo Rychnov nad Kn"]
[Date "2016.08.20"]
[Round "1.9"]
[White "Majerik, Vladimir"]
[Black "Drabek, Miloslav"]
[Result "1/2-1/2"]
[WhiteElo "1811"]
[BlackElo "2078"]
[PlyCount "75"]
[EventDate "2016.08.20"]

1. d4 Nf6 2. Nf3 d6 3. c3 c6 4. Bf4 g6 5. Nbd2 Bg7 6. e4 Nbd7 7. Be2 O-O 8. O-O
Nb6 9. Qc2 d5 10. e5 Nh5 11. Be3 f6 12. h3 fxe5 13. Nxe5 Nf4 14. Bxf4 Rxf4 15.
Ndf3 Nd7 16. Nxd7 Bxd7 17. Nh2 e5 18. dxe5 Bxe5 19. Bg4 Re4 20. Bxd7 Qxd7 21.
Rae1 Bxh2+ 22. Kxh2 Rae8 23. Rxe4 Rxe4 24. g3 Qe7 25. Qb3 Re2 26. Kg1 b6 27. a4
Qe6 28. h4 Qe4 29. Qa3 c5 30. a5 Qe6 31. Rd1 Qf6 32. Rf1 d4 33. cxd4 cxd4 34.
axb6 Qxb6 35. b4 Kg7 36. Rd1 d3 37. Qc3+ Kh6 38. Qc5 1/2-1/2

[Event "Mistrovstvi CR senioru nad 60 let"]
[Site "Pelcovo divadlo Rychnov nad Kn"]
[Date "2016.08.20"]
[Round "1.10"]
[White "Novotny, Josef"]
[Black "Kolek, Josef"]
[Result "1-0"]
[WhiteElo "2078"]
[BlackElo "1796"]
[PlyCount "45"]
[EventDate "2016.08.20"]

1. e3 Nf6 2. d3 c5 3. Nc3 Nc6 4. Bd2 d5 5. g3 g6 6. Bg2 Bg7 7. Nf3 Bg4 8. h3
Bxf3 9. Bxf3 O-O 10. O-O a6 11. a4 e6 12. Ra3 Re8 13. Bg2 Qc7 14. g4 Rab8 15.
a5 Nb4 16. f4 Rbc8 17. Ra4 Qd7 18. b3 Qc7 19. Ne2 Nc6 20. Bc3 Nd7 21. Bxg7 Kxg7
22. f5 Nxa5 23. Qa1+ 1-0

[Event "Mistrovstvi CR senioru nad 60 let"]
[Site "Pelcovo divadlo Rychnov nad Kn"]
[Date "2016.08.20"]
[Round "1.11"]
[White "Vesely, Emanuel"]
[Black "Chladek, Vaclav"]
[Result "1-0"]
[WhiteElo "1784"]
[BlackElo "2071"]
[PlyCount "95"]
[EventDate "2016.08.20"]

1. d4 d5 2. Nf3 Nf6 3. c4 c6 4. Nc3 a6 5. cxd5 cxd5 6. Bg5 Ne4 7. Bf4 Nc6 8. e3
Nxc3 9. bxc3 Bf5 10. Nd2 e6 11. Be2 Qa5 12. Qb3 b5 13. O-O Ba3 14. f3 O-O 15.
e4 Bg6 16. Bc7 Qxc7 17. Qxa3 Qf4 18. Qb2 Qe3+ 19. Rf2 Na5 20. Nf1 Qf4 21. exd5
exd5 22. Qd2 Qd6 23. a4 Nb3 24. Qa2 Nxa1 25. Qxa1 b4 26. Nd2 bxc3 27. Qxc3 Rfc8
28. Qa5 h6 29. Nb3 Qd8 30. Qxd8+ Rxd8 31. Nc5 Rd6 32. Bf1 Rb6 33. Re2 Rb1 34.
Re5 Rd8 35. Kf2 Rd1 36. Bxa6 Rxd4 37. Ke3 Rd1 38. Ke2 Rc1 39. Nb7 Rc2+ 40. Kf1
Rd7 41. Re8+ Kh7 42. Nd8 Rd2 43. Nc6 f6 44. Rb8 Rc7 45. Bb5 Rb2 46. Rd8 Rd2 47.
Rd6 Bf7 48. h4 1-0

[Event "Mistrovstvi CR senioru nad 60 let"]
[Site "Pelcovo divadlo Rychnov nad Kn"]
[Date "2016.08.20"]
[Round "1.12"]
[White "Lorenc, Oldrich"]
[Black "Wiedermann, Jan"]
[Result "1-0"]
[WhiteElo "2063"]
[BlackElo "1779"]
[PlyCount "38"]
[EventDate "2016.08.20"]

1. c4 c5 2. Nc3 g6 3. g3 Bg7 4. Bg2 Nf6 5. e4 Nc6 6. Nge2 Ne5 7. d3 O-O 8. O-O
d6 9. f4 Nc6 10. h3 e6 11. Kh2 a6 12. Be3 Rb8 13. a4 Bd7 14. e5 dxe5 15. Bxc5
exf4 16. Nxf4 Re8 17. Bd6 Rc8 18. c5 e5 19. Nfd5 Qa5 1-0

[Event "Mistrovstvi CR senioru nad 60 let"]
[Site "Pelcovo divadlo Rychnov nad Kn"]
[Date "2016.08.20"]
[Round "1.13"]
[White "Kindl, Frantisek"]
[Black "Uhmann, Jan"]
[Result "1/2-1/2"]
[WhiteElo "1760"]
[BlackElo "2063"]
[PlyCount "80"]
[EventDate "2016.08.20"]

1. c4 e6 2. Nc3 Nf6 3. g3 d5 4. cxd5 exd5 5. Bg2 c6 6. d4 Be7 7. Nf3 Nbd7 8.
O-O O-O 9. Re1 Re8 10. Qc2 Nf8 11. Ne5 N6d7 12. Nxd7 Bxd7 13. e4 dxe4 14. Nxe4
Be6 15. Be3 Bd5 16. Rad1 Qa5 17. a3 f5 18. Nc5 Bxg2 19. Kxg2 Bxc5 20. dxc5 Qc7
21. Qxf5 Qf7 22. Qxf7+ Kxf7 23. Rd6 Re7 24. Red1 Rae8 25. b4 h6 26. h3 Ne6 27.
Rd7 Nc7 28. R1d3 a6 29. Kf3 Nd5 30. Rxe7+ Rxe7 31. Bd2 g5 32. Bc3 Kg6 33. Bd2
h5 34. Rd4 Rf7+ 35. Kg2 Re7 36. Kf3 Nf6 37. Rd6 g4+ 38. hxg4 hxg4+ 39. Kg2 Kf5
40. Rd8 Nd5 1/2-1/2

[Event "Mistrovstvi CR senioru nad 60 let"]
[Site "Pelcovo divadlo Rychnov nad Kn"]
[Date "2016.08.20"]
[Round "1.14"]
[White "Ondrejat, Miroslav"]
[Black "Kasik, Miroslav"]
[Result "1-0"]
[WhiteElo "2028"]
[BlackElo "1752"]
[PlyCount "69"]
[EventDate "2016.08.20"]

1. Nf3 d5 2. c4 e6 3. d4 Nf6 4. Nc3 Be7 5. Bg5 O-O 6. e3 h6 7. Bh4 b6 8. cxd5
exd5 9. Rc1 Bb7 10. Bd3 Nbd7 11. O-O c5 12. Bb1 Re8 13. Re1 a6 14. Qc2 g6 15.
Rcd1 c4 16. Ne5 Nf8 17. f3 b5 18. a3 N6d7 19. Bxe7 Rxe7 20. f4 Qb6 21. Qf2 Qf6
22. Ng4 Qh8 23. Qf3 h5 24. Nxd5 Bxd5 25. Qxd5 Rae8 26. Ne5 Nf6 27. Qf3 N6d7 28.
Nc6 Re6 29. d5 Rd6 30. e4 Nb6 31. e5 Rd7 32. f5 Qh6 33. d6 Nc8 34. f6 Ne6 35.
Ne7+ 1-0

[Event "Mistrovstvi CR senioru nad 60 let"]
[Site "Pelcovo divadlo Rychnov nad Kn"]
[Date "2016.08.20"]
[Round "1.15"]
[White "Bainhofner, Jiri"]
[Black "Hlavac, Frantisek"]
[Result "0-1"]
[WhiteElo "1749"]
[BlackElo "1989"]
[PlyCount "60"]
[EventDate "2016.08.20"]

1. e4 Nf6 2. Nc3 d5 3. e5 Nfd7 4. d4 e6 5. f4 c5 6. Bb5 cxd4 7. Qxd4 Nc6 8.
Bxc6 bxc6 9. Qd2 Ba6 10. a3 Be7 11. b4 Bc4 12. Bb2 a5 13. Nce2 axb4 14. axb4
O-O 15. Rxa8 Qxa8 16. Bd4 c5 17. bxc5 Bxc5 18. Nf3 Bxd4 19. Nfxd4 Qa7 20. Kf2
Nc5 21. Kf3 Ne4 22. Qe3 Bxe2+ 23. Nxe2 Qa2 24. Rc1 f6 25. Nc3 Qb2 26. Nxe4
dxe4+ 27. Kxe4 fxe5 28. fxe5 Rf5 29. c3 Qxg2+ 30. Kd4 Qd5# 0-1

[Event "Mistrovstvi CR senioru nad 60 let"]
[Site "Pelcovo divadlo Rychnov nad Kn"]
[Date "2016.08.20"]
[Round "1.16"]
[White "Trojan, Lubos"]
[Black "Splitek, Lubos"]
[Result "1-0"]
[WhiteElo "1989"]
[BlackElo "1745"]
[PlyCount "0"]
[EventDate "2016.08.20"]
[PlyCount "79"]

1. d4 Nf6 2. Nf3 g6 3. Nbd2 Bg7 4. e4 d6 5. h3 O-O 6. Bd3 Nbd7 7. O-O e5 8.
dxe5 Nxe5 9. Nxe5 dxe5 10. Nf3 Nd7 11. Be3 Qe7 12. c3 b6 13. b4 Bb7 14. Qe2 c5
15. b5 c4 16. Bc2 Rac8 17. a4 Nc5 18. Nd2 Nb3 19. Rab1 Nxd2 20. Bxd2 Rfd8 21.
Be3 Qh4 22. f3 Bf8 23. Rfd1 f5 24. exf5 gxf5 25. Bxf5 Rc7 26. Rxd8 Qxd8 27. Rd1
Qf6 28. Qc2 Rg7 29. Rd7 Rxd7 30. Bxd7 Qd6 31. Bf5 h5 32. Qd2 Kf7 33. Be4 Qxd2
34. Bxd2 Bc8 35. Be3 Kf6 36. Kf2 Bf5 37. Ke2 Bd6 38. Kd2 Bd7 39. Bf2 Ke6 40.
Bg6 1-0

[Event "Mistrovstvi CR senioru nad 60 let"]
[Site "Pelcovo divadlo Rychnov nad Kn"]
[Date "2016.08.20"]
[Round "1.17"]
[White "Brhlik, Antonin"]
[Black "Zboril, Jaroslav"]
[Result "1-0"]
[WhiteElo "1738"]
[BlackElo "1980"]
[PlyCount "97"]
[EventDate "2016.08.20"]

1. e4 d6 2. d4 Nf6 3. Nc3 Nbd7 4. Be3 e5 5. Nf3 Be7 6. Qd2 O-O 7. h3 c6 8. g4
b5 9. a3 Bb7 10. O-O-O a5 11. dxe5 Nxe5 12. Nxe5 dxe5 13. Qxd8 Rfxd8 14. Rxd8+
Rxd8 15. f3 Nd7 16. Be2 Bc5 17. Bxc5 Nxc5 18. Rd1 Rd4 19. Nb1 Ne6 20. c3 Rxd1+
21. Kxd1 Nf4 22. Bf1 Bc8 23. b4 axb4 24. axb4 Be6 25. Nd2 f6 26. Ke1 Kf7 27.
Kf2 g5 28. Ke3 Ke7 29. Kf2 Kd6 30. Kg3 Ba2 31. Kf2 Kc7 32. Kg3 Kb6 33. h4 h6
34. hxg5 hxg5 35. Kf2 c5 36. Be2 Ne6 37. bxc5+ Nxc5 38. Ke3 Na4 39. Kd3 Kc5 40.
Kc2 b4 41. cxb4+ Kxb4 42. Nf1 Kc5 43. Ng3 Nb6 44. Nh5 Nd7 45. Ba6 Kd4 46. Kd2
Bf7 47. Ng3 Bg6 48. Bb5 Nc5 49. Ne2# 1-0

[Event "Mistrovstvi CR senioru nad 60 let"]
[Site "Pelcovo divadlo Rychnov nad Kn"]
[Date "2016.08.20"]
[Round "1.18"]
[White "Dolezal, Radoslav"]
[Black "Vlachopulos, Elefteris"]
[Result "1/2-1/2"]
[WhiteElo "1974"]
[BlackElo "1736"]
[PlyCount "50"]
[EventDate "2016.08.20"]

1. e4 c5 2. c3 d5 3. exd5 Qxd5 4. d4 Nc6 5. Nf3 e6 6. Be3 cxd4 7. cxd4 Nf6 8.
Nc3 Bb4 9. Bd3 O-O 10. O-O Qd8 11. Qc2 h6 12. Rfd1 Qe7 13. a3 Bd6 14. Ne4 Nxe4
15. Bxe4 Bd7 16. d5 exd5 17. Bxd5 Be5 18. Nxe5 Qxe5 19. Rac1 Rfd8 20. Bf3 Qf6
21. b4 Rac8 22. Qe2 b6 23. Bg4 Bxg4 24. Qxg4 Rxd1+ 25. Qxd1 Rd8 1/2-1/2

[Event "Mistrovstvi CR senioru nad 60 let"]
[Site "Pelcovo divadlo Rychnov nad Kn"]
[Date "2016.08.20"]
[Round "1.19"]
[White "Dvorak, Eduard"]
[Black "Just, Pavel"]
[Result "0-1"]
[WhiteElo "1727"]
[BlackElo "1971"]
[PlyCount "64"]
[EventDate "2016.08.20"]

1. e4 e5 2. Bc4 Nf6 3. d4 Nc6 4. Nf3 Nxe4 5. dxe5 Nc5 6. O-O Be7 7. Nc3 O-O 8.
Be3 Ne6 9. Qe2 b6 10. Nd5 Bb7 11. a3 a5 12. Rad1 Bc5 13. Bxc5 bxc5 14. c3 Re8
15. Qd2 a4 16. Bd3 Ne7 17. Ne3 Bc6 18. Qc2 h6 19. Nh4 Nf4 20. Bf5 Nxf5 21.
Nhxf5 Qg5 22. Ng3 Rxe5 23. Rd2 Rae8 24. Qd1 h5 25. Nef5 Rxf5 26. h4 Qg6 27.
Rxd7 Ne2+ 28. Kh2 Nxg3 29. Re1 Rxe1 30. Rd8+ Re8 31. fxg3 Rxd8 32. Qxd8+ Kh7
0-1

[Event "Mistrovstvi CR senioru nad 60 let"]
[Site "Pelcovo divadlo Rychnov nad Kn"]
[Date "2016.08.20"]
[Round "1.20"]
[White "Pribyl, Jaroslav"]
[Black "Palla, Rostislav"]
[Result "1/2-1/2"]
[WhiteElo "1964"]
[BlackElo "1723"]
[PlyCount "50"]
[EventDate "2016.08.20"]

1. e4 c5 2. Nf3 Nc6 3. Bb5 Nf6 4. e5 Ng4 5. Bxc6 dxc6 6. h3 Nh6 7. d3 g6 8. Nc3
Nf5 9. Ne4 b6 10. O-O Bg7 11. Bf4 Nd4 12. c3 Nxf3+ 13. Qxf3 Bb7 14. Rfe1 O-O
15. Rad1 Qd5 16. d4 Qxa2 17. dxc5 Rfd8 18. Rxd8+ Rxd8 19. Rd1 Rxd1+ 20. Qxd1
Qd5 21. Qd2 Bxe5 22. Qxd5 cxd5 23. Bxe5 dxe4 24. cxb6 axb6 25. c4 Bc6 1/2-1/2

[Event "Mistrovstvi CR senioru nad 70 let"]
[Site "Pelcovo divadlo Rychnov nad Kn"]
[Date "2016.08.20"]
[Round "1.1"]
[White "Mutina, Antonin"]
[Black "Mesiarik, Rudolf"]
[Result "0-1"]
[WhiteElo "1784"]
[BlackElo "2092"]
[PlyCount "84"]
[EventDate "2016.08.20"]

1. d4 Nf6 2. c4 c5 3. d5 e6 4. Nc3 exd5 5. Nxd5 Nxd5 6. cxd5 d6 7. e4 g6 8. Nf3
Bg7 9. Be2 O-O 10. O-O Re8 11. Qc2 a6 12. a4 Nd7 13. Re1 Rb8 14. Bd2 Nf6 15.
Bg5 h6 16. Bxf6 Qxf6 17. Rab1 b5 18. axb5 axb5 19. e5 dxe5 20. Qxc5 Bf5 21.
Rbd1 Rec8 22. Qb4 Bf8 23. Qa5 Bc5 24. Bf1 e4 25. Nd2 Qxb2 26. Qa1 Qb4 27. Re2
e3 28. fxe3 Bd3 29. Ree1 Bc2 30. Ne4 Bxe4 31. d6 Bc2 32. Rc1 Bxd6 33. Be2 Be4
34. Rcd1 Bc5 35. Bf1 Bf5 36. Kh1 Ra8 37. Qf6 Re8 38. Qc6 Rab8 39. Rc1 Bxe3 40.
Ra1 Be4 41. Qc7 Bf4 42. Qa7 Bxg2+ 0-1